000 00477nam a2200169 i 4500
001 29776
003 ES-MaACL
005 20230906154103.0
007 t|
008 030122s1944 sz ||||1| fre d
100 1 _aBally, Charles.
_925091
245 1 0 _aLinguistique générale et linguistique française /
_cCharles Bally.
250 _a2eme ref.
260 _aBerne :
_b[A. Franke,
_c1944] (
_fBenteli)
300 _a440 p. ;
_c23 cm.
852 _aES-MaACL
_jC-4490
_bR.25059
999 _c29776
_d29776